000 00541nam a22001817a 4500
005 20260415121228.0
008 260415b |||||||| |||| 00| 0 eng d
050 _aR 121 .S27 2019
_b1
100 _aSASIDGARAN, PK
245 _aDOCTOR'S POCKET COMPANION
_b[A COMPANION BOOK FOR ALL DOCTORS]
250 _aSECOND EDITION
260 _aLONDON
_bJAYPEE BROTHERS MEDICAL
_c2019
300 _aXXV, 1383P, ILL
500 _aINCLUIDES, INDEX
650 _a[ACOMPANION BOOK FOR ALL DOCTORS]
700 _aRAJAGOPAL VINEETH
942 _2lcc
_cBK
999 _c216973
_d216973